| 000 | 00517ntaaa2200205 4500 | ||
|---|---|---|---|
| 003 | 01 | ||
| 005 | 20251027202347.0 | ||
| 008 | 0714s1973 ag 01 | ||
| 040 |
_aAR-BaBN _bspa _cAR-BaBN _eaacr _dRIC |
||
| 082 | _a301.1520 L32 | ||
| 100 |
_aLarson, Bruce _914956 |
||
| 245 | _aGroups that work | ||
| 250 | _a1 ed. | ||
| 260 |
_aGrand Rapids : _bZondervan Publishing House, _cc1967 |
||
| 300 | _a142 p | ||
| 500 | _aTrabajando con grupos | ||
| 650 | _agrupos-dinamica de | ||
| 700 |
_aOtros, _913169 |
||
| 942 | _cBK | ||
| 999 |
_c18474 _d18474 |
||